Truth and truthfulness: an essay in genealogy

Gardado en:
Detalles Bibliográficos
Autor Principal: Williams, Bernard (Author)
Formato: Libro
Idioma:inglés
Publicado: Princeton Princeton University 2002
Subjects:
Tags: Engadir etiqueta
Sen Etiquetas, Sexa o primeiro en etiquetar este rexistro!

MARC

LEADER 00000nam a2200000 a 4500
001 UCI3592
003 CL-VaPUC
008 071116e20020000us |||||||||||||||||eng|d
020 |a 0691117918 
082 0 4 |a 929  |b WIL  |2 21 
100 0 |a Williams, Bernard  |e author  |9 524985 
245 1 0 |a Truth and truthfulness: an essay in genealogy 
300 |a 328 p 
942 |c BK 
945 |d 20071116 00:00:00  |a jtorresc 
260 |a Princeton  |b Princeton University  |c 2002 
650 0 |a Genealogía  |9 255285 
650 0 |a Autoritarismo  |9 295297 
650 0 |a Liberalismo  |9 255715 
650 0 |a Veracidad  |9 404673 
650 0 |a Historia  |9 255047 
583 |a last modification  |c 20171205 04:18:18  |k Rodrigo Vera 
999 |c 327736  |d 327734 
952 |0 0  |1 0  |4 0  |6 929_000000000000000_WIL_2002  |7 0  |8 A  |9 411112  |a BIBDER  |b BIBDER  |d 2019-11-22  |i 4389255  |o 929 WIL 2002  |p 4389255  |r 2023-01-25  |w 2019-11-22  |y BK  |k DER